[Event "Paracin op 16th"]
[Site "Paracin"]
[Date "2023.07.15"]
[Round "9"]
[White "Low, Zhen Yu Cyrus"]
[Black "Bryakin, Mikhail"]
[Result "1/2-1/2"]
[WhiteElo "2444"]
[BlackElo "2454"]
[PlyCount "49"]
[EventDate "2023.07.07"]
[EventType "swiss"]
[EventRounds "9"]
[EventCountry "SRB"]
[SourceTitle "EXT 2024"]
[Source "ChessBase"]
[SourceDate "2023.10.10"]
[SourceVersion "1"]
[SourceVersionDate "2023.10.10"]
[SourceQuality "1"]

1. e4 c5 2. Nf3 Nf6 3. Nc3 d5 4. exd5 Nxd5 5. Bb5+ Bd7 6. Bxd7+ Qxd7 7. Nxd5 Qxd5 8. d4 cxd4 9. Qxd4 Qxd4 10. Nxd4 a6 11. Be3 Nd7 12. 0-0 0-0-0 13. Rad1 e6 14. Nf3 Be7 15. Rd3 Bf6 16. Bg5 h6 17. Bxf6 Nxf6 18. Rfd1 Rxd3 19. Rxd3 Nd7 20. Kf1 Kc7 21. Rc3+ Kd6 22. Rd3+ Kc7 23. Rc3+ Kd6 24. Rd3+ Kc7 25. Rc3+ 1/2-1/2

[Event "Paracin op 16th"]
[Site "Paracin"]
[Date "2023.07.14"]
[Round "8"]
[White "Uskov, Artem"]
[Black "Low, Zhen Yu Cyrus"]
[Result "0-1"]
[WhiteElo "2371"]
[BlackElo "2444"]
[PlyCount "100"]
[EventDate "2023.07.07"]
[EventType "swiss"]
[EventRounds "9"]
[EventCountry "SRB"]
[SourceTitle "EXT 2024"]
[Source "ChessBase"]
[SourceDate "2023.10.10"]
[SourceVersion "1"]
[SourceVersionDate "2023.10.10"]
[SourceQuality "1"]

1. e4 c5 2. Nf3 d6 3. d4 cxd4 4. Nxd4 Nf6 5. Nc3 Nc6 6. Bg5 Bd7 7. Qd2 a6 8. 0-0-0 e6 9. f3 Be7 10. h4 Nxd4 11. Qxd4 Qc7 12. g4 h5 13. gxh5 Nxh5 14. Bxe7 Kxe7 15. Qd2 b5 16. Bd3 b4 17. Ne2 a5 18. Rdg1 Rab8 19. Kb1 a4 20. Nf4 Qc3 21. Qe3 Qf6 22. Ne2 a3 23. Qg5 g6 24. f4 Rbc8 25. e5 dxe5 26. fxe5 Qxg5 27. Rxg5 Rc5 28. Rf1 Ng7 29. Rf4 Nf5 30. Rxb4 Nxh4 31. Nd4 Nf5 32. bxa3 Rxe5 33. Nb3 Rh1+ 34. Kb2 Kf6 35. Rgg4 Ne3 36. Rgf4+ Kg7 37. Rb7 Nd1+ 38. Kc1 Nc3+ 39. Rf1 Rxf1+ 40. Bxf1 Re1+ 41. Kd2 Rxf1 42. Kxc3 Bc6 43. Rc7 Bd5 44. Kb4 g5 45. c4 Bh1 46. Nd4 g4 47. Nxe6+ Kf6 48. Nd8 Kg6 49. Nc6 g3 50. Ne5+ Kg7 0-1

[Event "Paracin op 16th"]
[Site "Paracin"]
[Date "2023.07.08"]
[Round "2"]
[White "Granovskiy, Alexandr"]
[Black "Low, Zhen Yu Cyrus"]
[Result "1/2-1/2"]
[WhiteElo "2143"]
[BlackElo "2444"]
[PlyCount "101"]
[EventDate "2023.07.07"]
[EventType "swiss"]
[EventRounds "9"]
[EventCountry "SRB"]
[SourceTitle "EXT 2024"]
[Source "ChessBase"]
[SourceDate "2023.10.10"]
[SourceVersion "1"]
[SourceVersionDate "2023.10.10"]
[SourceQuality "1"]

1. d4 Nf6 2. Bg5 e6 3. e4 h6 4. Bxf6 Qxf6 5. Nf3 b6 6. Nbd2 Bb7 7. Bd3 Nc6 8. c3 g5 9. e5 Qg7 10. Ne4 Be7 11. Qe2 0-0-0 12. Ba6 f5 13. exf6 Bxf6 14. Bxb7+ Kxb7 15. Nxf6 Qxf6 16. Ne5 Nxe5 17. dxe5 Qf4 18. 0-0 Rhf8 19. Rad1 Qa4 20. Rfe1 Rf4 21. g3 Rf5 22. Qe4+ Qxe4 23. Rxe4 Kc8 24. Rd2 Rdf8 25. Rde2 R8f7 26. h4 Kd8 27. Kg2 Ke7 28. Rg4 c5 29. hxg5 hxg5 30. a4 d5 31. exd6+ Kxd6 32. Rge4 R7f6 33. Rd2+ Rd5 34. Rxd5+ exd5 35. Rg4 Rf5 36. f4 gxf4 37. gxf4 d4 38. cxd4 cxd4 39. Kf3 Ra5 40. Rg6+ Ke7 41. b3 Rc5 42. Ke4 Rc3 43. Kxd4 Rxb3 44. Ke5 Re3+ 45. Kf5 Kf7 46. Rc6 Re7 47. Kg5 Rb7 48. Rh6 Kg8 49. f5 Rg7+ 50. Kf6 Rf7+ 51. Kg6 1/2-1/2

[Event "Teplice op"]
[Site "Teplice"]
[Date "2023.06.14"]
[Round "5"]
[White "Babula, Vlastimil1111"]
[Black "Low, Zhen Yu Cyrus"]
[Result "0-1"]
[WhiteElo "2314"]
[BlackElo "2427"]
[PlyCount "76"]
[EventDate "2023.06.10"]
[EventType "swiss"]
[EventRounds "9"]
[EventCountry "CZE"]
[SourceTitle "CBM 214 Extra"]
[Source "ChessBase"]
[SourceDate "2023.07.31"]
[SourceVersion "1"]
[SourceVersionDate "2023.07.31"]
[SourceQuality "1"]

1. e4 e5 2. Nf3 Nc6 3. Bb5 g6 4. 0-0 Bg7 5. c3 a6 6. Ba4 Nge7 7. d4 0-0 8. d5 Na5 9. Bc2 d6 10. a4 b6 11. Nbd2 Qe8 12. Bd3 Nb7 13. a5 bxa5 14. Nc4 a4 15. Bc2 Bd7 16. Re1 f5 17. Ng5 h6 18. Ne6 Bxe6 19. dxe6 Nc5 20. Be3 Nxe4 21. Rxa4 Qc8 22. f3 Nf6 23. Bb3 Kh7 24. Qd2 Qxe6 25. Na5 Qd7 26. Rh4 f4 27. Bf2 Rae8 28. Nc4 Nf5 29. Rh3 Qb5 30. Ba2 e4 31. Qxf4 Nd5 32. Qg4 e3 33. Bg3 Nf6 34. Qf4 Nd5 35. Qg4 Nf6 36. Qf4 h5 37. Bh4 Nd5 38. Qg5 Bh6 0-1

[Event "Teplice op"]
[Site "Teplice"]
[Date "2023.06.11"]
[Round "2"]
[White "Low, Zhen Yu Cyrus"]
[Black "Pedersen, Daniel Vesterbaek"]
[Result "1-0"]
[WhiteElo "2427"]
[BlackElo "2173"]
[PlyCount "135"]
[EventDate "2023.06.10"]
[EventType "swiss"]
[EventRounds "9"]
[EventCountry "CZE"]
[SourceTitle "CBM 214 Extra"]
[Source "ChessBase"]
[SourceDate "2023.07.31"]
[SourceVersion "1"]
[SourceVersionDate "2023.07.31"]
[SourceQuality "1"]

1. e4 c5 2. Nf3 d6 3. d4 cxd4 4. Qxd4 Nc6 5. Bb5 Bd7 6. Qd3 Nf6 7. c4 Ne5 8. Qe2 a6 9. Bxd7+ Qxd7 10. Nfd2 b5 11. 0-0 e6 12. Na3 Rb8 13. b3 bxc4 14. Naxc4 Nxc4 15. Nxc4 Be7 16. Bf4 Rd8 17. Rac1 0-0 18. Rfd1 Qb5 19. a4 Qb4 20. Rd3 Nxe4 21. Qxe4 d5 22. Qe5 dxc4 23. Rg3 f6 24. Qxe6+ Kh8 25. Qxc4 Qxc4 26. bxc4 Rd4 27. Be3 Re4 28. h3 h5 29. Bb6 Rc8 30. Re3 Rxe3 31. Bxe3 Bc5 32. Bxc5 Rxc5 33. Kf1 Kg8 34. Ke2 Kf7 35. Kd3 Ke6 36. Kc3 Kd6 37. Rd1+ Kc6 38. Re1 Kd6 39. Re4 Rf5 40. f4 h4 41. Kd4 Ra5 42. Kc3 Rf5 43. Kb4 a5+ 44. Kc3 Kc5 45. Kd3 Kb4 46. Re7 Rxf4 47. Rxg7 Rf2 48. Rb7+ Kc5 49. Rc7+ Kb4 50. Rb7+ Kc5 51. Rb5+ Kd6 52. Rd5+ Ke6 53. Rh5 Rxg2 54. Kd4 Rg3 55. Rxh4 Ra3 56. Re4+ Kd7 57. h4 Rxa4 58. h5 Rb4 59. h6 Rb8 60. Rh4 Rh8 61. h7 a4 62. Ke4 a3 63. Kf5 Kd6 64. Kg6 a2 65. Rh1 Kc5 66. Ra1 Kxc4 67. Rxa2 f5 68. Rf2 1-0

[Event "Budapest FS06 GM"]
[Site "Budapest"]
[Date "2023.06.09"]
[Round "6"]
[White "Aveskulov, Valeriy"]
[Black "Low, Zhen Yu Cyrus"]
[Result "1/2-1/2"]
[WhiteElo "2506"]
[BlackElo "2416"]
[PlyCount "99"]
[EventDate "2023.06.03"]
[EventType "tourn"]
[EventRounds "9"]
[EventCountry "HUN"]
[EventCategory "6"]
[SourceTitle "CBM 214 Extra"]
[Source "ChessBase"]
[SourceDate "2023.07.31"]
[SourceVersion "1"]
[SourceVersionDate "2023.07.31"]
[SourceQuality "1"]

1. e4 c5 2. Nf3 d6 3. d4 cxd4 4. Nxd4 Nf6 5. Nc3 Nc6 6. Bg5 e6 7. Qd2 a6 8. 0-0-0 Bd7 9. f4 b5 10. Bxf6 gxf6 11. Kb1 b4 12. Nce2 Qb6 13. f5 Nxd4 14. Nxd4 e5 15. Nf3 Bc6 16. Bd3 a5 17. g4 h5 18. g5 fxg5 19. Qxg5 Qc5 20. Rhg1 a4 21. Qf6 Rh6 22. Rg6 fxg6 23. fxg6 Ra7 24. Nh4 Bg7 25. Qe6+ Kd8 26. Nf5 Be8 27. Nxd6 Re7 28. Nb7+ Rxb7 29. Bb5+ Kc7 30. Qxe8 Kb6 31. Qa8 Ra7 32. Qb8+ Rb7 33. Qa8 Ra7 34. Qb8+ Rb7 35. Rd6+ Qxd6 36. Qxd6+ Kxb5 37. a3 bxa3 38. b4 axb3 39. c4+ Ka5 40. Qxa3+ Kb6 41. Qd6+ Ka7 42. c5 Bf8 43. Qc6 Rxg6 44. Qxg6 Bxc5 45. Qxh5 Bd4 46. Qe8 b2 47. Qa4+ Kb8 48. Qe8+ Ka7 49. Qa4+ Kb8 50. Qe8+ 1/2-1/2

[Event "Budapest SixDays 05 GM-B"]
[Site "Budapest"]
[Date "2023.05.27"]
[Round "1"]
[White "Aloma Vidal, Roberto"]
[Black "Low, Zhen Yu Cyrus"]
[Result "0-1"]
[WhiteElo "2437"]
[BlackElo "2416"]
[PlyCount "92"]
[EventDate "2023.05.27"]
[EventType "tourn"]
[EventRounds "9"]
[EventCountry "HUN"]
[EventCategory "6"]
[SourceTitle "CBM 214 Extra"]
[Source "ChessBase"]
[SourceDate "2023.07.31"]
[SourceVersion "1"]
[SourceVersionDate "2023.07.31"]
[SourceQuality "1"]

1. c4 g6 2. g3 Bg7 3. Bg2 c5 4. Nc3 Nc6 5. Nf3 e5 6. d3 Nge7 7. h4 h6 8. h5 g5 9. Nxg5 hxg5 10. Bxg5 Bh6 11. Bf6 Rg8 12. a3 Qa5 13. 0-0 d6 14. b4 Qc7 15. e3 Bf5 16. b5 Na5 17. Qa4 Bxd3 18. Rfd1 Nxc4 19. b6+ Qd7 20. Nb5 Kf8 21. Rxd3 Nxb6 22. Qe4 Qxb5 23. Rxd6 Bg5 24. Qxb7 Bxf6 25. Rxf6 Rd8 26. Qxa7 Nbd5 27. Bxd5 Rxd5 28. Rb6 Qd7 29. Rb7 Qe6 30. e4 Rd6 31. Qxc5 Kg7 32. Qe3 Kh7 33. Kg2 Nc6 34. Rc1 Rgd8 35. Qf3 Kg8 36. h6 Qg6 37. h7+ Qxh7 38. Rh1 Qg6 39. Rh4 Nd4 40. Qd1 Ne6 41. Qf3 Rd3 42. Qf5 Qxf5 43. exf5 Nc5 44. Re7 Nd7 45. a4 Kg7 46. f6+ Kxf6 0-1

[Event "Budapest FS05 GM"]
[Site "Budapest"]
[Date "2023.05.16"]
[Round "9"]
[White "Woodward, Andy"]
[Black "Low, Zhen Yu Cyrus"]
[Result "1/2-1/2"]
[WhiteElo "2436"]
[BlackElo "2416"]
[PlyCount "116"]
[EventDate "2023.05.06"]
[EventType "tourn"]
[EventRounds "9"]
[EventCountry "HUN"]
[SourceTitle "CBM 214 Extra"]
[Source "ChessBase"]
[SourceDate "2023.07.31"]
[SourceVersion "1"]
[SourceVersionDate "2023.07.31"]
[SourceQuality "1"]

1. d4 Nf6 2. c4 e6 3. Nf3 d5 4. g3 Be7 5. Bg2 0-0 6. 0-0 dxc4 7. Qc2 a6 8. a4 Bd7 9. Rd1 Bc6 10. Nc3 Bxf3 11. Bxf3 Nc6 12. Bxc6 bxc6 13. a5 Rb8 14. Ra4 Rb4 15. Na2 Rxa4 16. Qxa4 Qd5 17. Nc3 Qh5 18. Qxc6 Qxa5 19. Qxc4 c5 20. d5 exd5 21. Nxd5 Nxd5 22. Rxd5 Qb5 23. Qe4 Bf6 24. Qc2 Rc8 25. b3 Qc6 26. Qc4 Qb5 27. Ba3 Qxc4 28. bxc4 Be7 29. Rd7 Bf8 30. Kg2 g6 31. Kf3 f5 32. e4 Rb8 33. Ke3 Rb3+ 34. Rd3 Rxd3+ 35. Kxd3 Kf7 36. e5 Ke6 37. f4 Kd7 38. Kc3 Kc6 39. Kb3 Be7 40. Ka4 Bd8 41. Bb2 Kb6 42. e6 Be7 43. h4 h5 44. Bg7 Kc6 45. Bh6 Bd8 46. Bg5 Bb6 47. Be7 Kc7 48. Kb3 Kc6 49. Ka3 Kc7 50. Ka4 Kc6 51. Bf8 Kc7 52. Be7 Kc6 53. Bf6 Kd6 54. Bc3 Kxe6 55. Ba5 Ba7 56. Bc3 Bb6 57. Ba5 Ba7 58. Bc3 Bb6 1/2-1/2

[Event "Budapest FS05 GM"]
[Site "Budapest"]
[Date "2023.05.15"]
[Round "8"]
[White "Low, Zhen Yu Cyrus"]
[Black "Varga, Zoltan"]
[Result "1-0"]
[WhiteElo "2416"]
[BlackElo "2394"]
[PlyCount "51"]
[EventDate "2023.05.06"]
[EventType "tourn"]
[EventRounds "9"]
[EventCountry "HUN"]
[SourceTitle "CBM 214 Extra"]
[Source "ChessBase"]
[SourceDate "2023.07.31"]
[SourceVersion "1"]
[SourceVersionDate "2023.07.31"]
[SourceQuality "1"]

1. e4 d5 2. exd5 Qxd5 3. Nc3 Qd6 4. d4 Nf6 5. Nf3 g6 6. Nb5 Qb6 7. c4 c6 8. Nc3 Bg4 9. Be2 Bg7 10. 0-0 0-0 11. Na4 Qc7 12. Be3 b5 13. cxb5 cxb5 14. Bxb5 Qb7 15. Be2 Nd5 16. Qd2 Nc6 17. Rac1 Rad8 18. h3 Nxe3 19. fxe3 Bc8 20. Bc4 Bh6 21. Qf2 Kg7 22. Rc3 Qb8 23. Qh4 e5 24. Bb3 Bd7 25. Nc5 Be8 26. dxe5 1-0

[Event "Budapest Vezerkepzo GM-B 04"]
[Site "Budapest"]
[Date "2023.05.01"]
[Round "6"]
[White "Woodward, Andy"]
[Black "Low, Zhen Yu Cyrus"]
[Result "1-0"]
[WhiteElo "2436"]
[BlackElo "2425"]
[PlyCount "71"]
[EventDate "2023.04.25"]
[EventType "tourn"]
[EventRounds "9"]
[EventCountry "HUN"]
[EventCategory "7"]
[SourceTitle "CBM 214 Extra"]
[Source "ChessBase"]
[SourceDate "2023.07.31"]
[SourceVersion "1"]
[SourceVersionDate "2023.07.31"]
[SourceQuality "1"]

1. d4 Nf6 2. c4 e6 3. Nf3 d5 4. g3 Be7 5. Bg2 0-0 6. 0-0 dxc4 7. Qc2 a6 8. a4 Bd7 9. Qxc4 Bc6 10. Bf4 Bd6 11. Qc1 a5 12. Nc3 Na6 13. Bd2 Re8 14. Rd1 Nb4 15. Qb1 Nbd5 16. Nb5 Bb4 17. Ne5 Bxb5 18. axb5 Bxd2 19. Rxd2 Qe7 20. e4 Nb4 21. Qc1 Rec8 22. Qc3 Ne8 23. Nc4 Qd7 24. b6 Qc6 25. d5 exd5 26. exd5 Qc5 27. bxc7 Nxc7 28. Ne3 Qb6 29. Nf5 Ne8 30. d6 Qb5 31. g4 Nf6 32. Re1 Re8 33. Re7 Rac8 34. d7 Rxc3 35. dxe8Q+ Nxe8 36. bxc3 1-0

[Event "Fagernes op-A"]
[Site "Fagernes"]
[Date "2023.04.07"]
[Round "7"]
[White "Aizenberg, Benny"]
[Black "Low, Zhen Yu Cyrus"]
[Result "1/2-1/2"]
[WhiteElo "2366"]
[BlackElo "2425"]
[PlyCount "88"]
[EventDate "2023.04.02"]
[EventType "swiss"]
[EventRounds "9"]
[EventCountry "NOR"]
[SourceTitle "CBM 213 Extra"]
[Source "ChessBase"]
[SourceDate "2023.05.31"]
[SourceVersion "1"]
[SourceVersionDate "2023.05.31"]
[SourceQuality "1"]

1. e4 c5 2. Nf3 d6 3. d4 cxd4 4. Nxd4 Nf6 5. Nc3 Nc6 6. Bg5 e6 7. Qd2 a6 8. 0-0-0 Bd7 9. f4 Be7 10. Nf3 b5 11. Bxf6 gxf6 12. f5 Qb6 13. Kb1 0-0-0 14. g3 Kb8 15. fxe6 fxe6 16. Bh3 Na5 17. Nd4 b4 18. Nce2 e5 19. Bxd7 Rxd7 20. Nf5 Nc4 21. Qd3 Rc8 22. Nc1 a5 23. Nb3 d5 24. exd5 a4 25. Nd2 Na3+ 26. bxa3 Rc3 27. Qe2 bxa3+ 28. Nb3 Bb4 29. Rhf1 Qb7 30. d6 Ba5 31. Ka1 axb3 32. cxb3 Qc6 33. Kb1 Qb7 34. Ka1 Qb4 35. Rf3 Rb7 36. Rxc3 Qxc3+ 37. Kb1 Rxb3+ 38. axb3 Qxb3+ 39. Kc1 a2 40. Qb2 a1R+ 41. Qxa1 Qc4+ 42. Kb1 Qe4+ 43. Kc1 Qc4+ 44. Kb1 Qe4+ 1/2-1/2

[Event "Fagernes op-A"]
[Site "Fagernes"]
[Date "2023.04.05"]
[Round "5"]
[White "Seo, Jung Min"]
[Black "Low, Zhen Yu Cyrus"]
[Result "1/2-1/2"]
[WhiteElo "2500"]
[BlackElo "2425"]
[PlyCount "74"]
[EventDate "2023.04.02"]
[EventType "swiss"]
[EventRounds "9"]
[EventCountry "NOR"]
[SourceTitle "CBM 213 Extra"]
[Source "ChessBase"]
[SourceDate "2023.05.31"]
[SourceVersion "1"]
[SourceVersionDate "2023.05.31"]
[SourceQuality "1"]

1. e4 c5 2. Nf3 Nc6 3. Bb5 g6 4. Bxc6 bxc6 5. d4 Bg7 6. dxc5 Qa5+ 7. Qd2 Qxc5 8. 0-0 Nf6 9. Re1 0-0 10. Nc3 d6 11. e5 dxe5 12. Rxe5 Nd5 13. Na4 Qc4 14. b3 Qb4 15. c3 Qd6 16. Re1 Bg4 17. Ng5 Nxc3 18. Nxc3 Qxd2 19. Bxd2 Rfd8 20. h3 Rxd2 21. Rac1 Bf5 22. g4 Bc2 23. Nce4 Bxe4 24. Rxe4 Rd3 25. Re2 Bh6 26. Rc5 Rad8 27. h4 R8d4 28. Ne4 Be3 29. Re5 f5 30. gxf5 gxf5 31. Ng3 Bxf2+ 32. Kxf2 Rf4+ 33. Kg2 Rg4 34. R5e3 Rxe3 35. Rxe3 f4 36. Rxe7 Rxg3+ 37. Kf2 a5 1/2-1/2

[Event "Fagernes op-A"]
[Site "Fagernes"]
[Date "2023.04.03"]
[Round "2"]
[White "Low, Zhen Yu Cyrus"]
[Black "Dahl, Max"]
[Result "1-0"]
[WhiteElo "2425"]
[BlackElo "2152"]
[PlyCount "89"]
[EventDate "2023.04.02"]
[EventType "swiss"]
[EventRounds "9"]
[EventCountry "NOR"]
[SourceTitle "CBM 213 Extra"]
[Source "ChessBase"]
[SourceDate "2023.05.31"]
[SourceVersion "1"]
[SourceVersionDate "2023.05.31"]
[SourceQuality "1"]

1. e4 e6 2. d4 d5 3. e5 c5 4. c3 Nc6 5. Nf3 Bd7 6. Be2 cxd4 7. cxd4 Nge7 8. 0-0 Nf5 9. Nc3 Be7 10. Bd3 g6 11. Bxf5 gxf5 12. Be3 Na5 13. Qe2 Nc4 14. Rfc1 Nxe3 15. Qxe3 0-0 16. Ne2 Kh8 17. Rc3 Bc6 18. Ne1 Rg8 19. Nf4 Rc8 20. Ned3 b6 21. Nh5 Bb7 22. Rac1 Rxc3 23. Rxc3 Ba6 24. Ndf4 Bg5 25. Nf6 Bxf6 26. exf6 Qxf6 27. Rc7 Qg7 28. Rxa7 Bc8 29. g3 Rd8 30. Nh5 Qg6 31. Qe5+ Kg8 32. Nf4 Qg7 33. Qc7 Rf8 34. Qxb6 e5 35. Nxd5 Be6 36. Ne7+ Kh8 37. d5 Bc8 38. Rc7 e4 39. Rxc8 Rxc8 40. Nxc8 Qg4 41. Qd4+ Kg8 42. Ne7+ Kf8 43. d6 Ke8 44. d7+ Kd8 45. Nc6+ 1-0

[Event "Budapest Rigochess02 GM"]
[Site "Budapest"]
[Date "2020.02.22"]
[Round "9"]
[White "Low, Zhen Yu Cyrus"]
[Black "Krstulovic, Alex"]
[Result "0-1"]
[WhiteElo "2443"]
[BlackElo "2353"]
[PlyCount "64"]
[EventDate "2020.02.13"]
[EventType "tourn"]
[EventRounds "9"]
[EventCountry "HUN"]
[EventCategory "6"]
[SourceTitle "CBM 195 Extra"]
[Source "ChessBase"]
[SourceDate "2020.05.31"]
[SourceVersion "1"]
[SourceVersionDate "2020.05.31"]
[SourceQuality "1"]

1. e4 c6 2. d4 d5 3. e5 c5 4. dxc5 e6 5. a3 Bxc5 6. Nf3 Ne7 7. b4 Bb6 8. Bb2 a5 9. Nbd2 axb4 10. axb4 Rxa1 11. Qxa1 0-0 12. Be2 Bc7 13. 0-0 b6 14. Nb3 Bb7 15. Re1 Ng6 16. Nbd4 Nc6 17. Nxc6 Bxc6 18. Nd4 Bb7 19. Nb5 Bb8 20. Nd6 Bxd6 21. exd6 Qxd6 22. Bxg7 Ra8 23. Qb2 e5 24. Bh6 d4 25. Bd3 Nh4 26. Qc1 Kh8 27. Bf1 Rg8 28. Bg5 Nf3+ 29. gxf3 Qf6 30. Bg2 Rxg5 31. h4 Rg6 32. Kf1 Ba6+ 0-1

[Event "Budapest Rigochess02 GM"]
[Site "Budapest"]
[Date "2020.02.15"]
[Round "3"]
[White "Mendonca, Leon Luke"]
[Black "Low, Zhen Yu Cyrus"]
[Result "1-0"]
[WhiteElo "2418"]
[BlackElo "2443"]
[PlyCount "73"]
[EventDate "2020.02.13"]
[EventType "tourn"]
[EventRounds "9"]
[EventCountry "HUN"]
[EventCategory "6"]
[SourceTitle "CBM 195 Extra"]
[Source "ChessBase"]
[SourceDate "2020.05.31"]
[SourceVersion "1"]
[SourceVersionDate "2020.05.31"]
[SourceQuality "1"]

1. d4 Nf6 2. c4 g6 3. Nc3 d5 4. cxd5 Nxd5 5. e4 Nxc3 6. bxc3 Bg7 7. Qa4+ Qd7 8. Qb3 0-0 9. Nf3 b6 10. Be3 Bb7 11. Bd3 c5 12. 0-0 Nc6 13. Bb5 cxd4 14. cxd4 Qg4 15. h3 Qh5 16. d5 Na5 17. Qb4 f5 18. Qxe7 fxe4 19. Ng5 Bxd5 20. Bd7 Rf5 21. Rad1 Re5 22. Ne6 Bf8 23. Qf6 Qf5 24. Qxf5 gxf5 25. Nc7 Bb7 26. Nxa8 Bxa8 27. Bd4 Re7 28. Bxf5 Bg7 29. Bxb6 axb6 30. Rd8+ Kf7 31. Rxa8 Bd4 32. Bxh7 Nc6 33. Re1 e3 34. fxe3 Bxe3+ 35. Kh1 Kf6 36. Ra3 Rxh7 37. Raxe3 1-0

[Event "Budapest Rigochess02 GM"]
[Site "Budapest"]
[Date "2020.02.14"]
[Round "2"]
[White "Low, Zhen Yu Cyrus"]
[Black "Galyas, Miklos"]
[Result "0-1"]
[WhiteElo "2443"]
[BlackElo "2476"]
[PlyCount "104"]
[EventDate "2020.02.13"]
[EventType "tourn"]
[EventRounds "9"]
[EventCountry "HUN"]
[EventCategory "6"]
[SourceTitle "CBM 195 Extra"]
[Source "ChessBase"]
[SourceDate "2020.05.31"]
[SourceVersion "1"]
[SourceVersionDate "2020.05.31"]
[SourceQuality "1"]

1. e4 d6 2. d4 g6 3. Nc3 c6 4. Be3 Nf6 5. a4 Bg7 6. h3 0-0 7. Nf3 Nbd7 8. Be2 e5 9. dxe5 Nxe5 10. 0-0 Qc7 11. Qd2 Re8 12. Rad1 Nxf3+ 13. Bxf3 Re6 14. Bf4 Bf8 15. Rfe1 b6 16. Qd4 Bb7 17. Qc4 Qe7 18. Ne2 d5 19. exd5 Nxd5 20. Bd2 Qc5 21. Bxd5 cxd5 22. Qd3 Rae8 23. Be3 Rxe3 24. fxe3 Rxe3 25. b4 Rxd3+ 26. bxc5 Bxc5+ 27. Kh1 Ra3 28. Ra1 Re3 29. Nf4 d4 30. Rab1 Bc6 31. a5 Rxe1+ 32. Rxe1 bxa5 33. Nd3 Bb6 34. Ra1 Kf8 35. Ne5 Be4 36. Ra2 Ke7 37. Nc4 Bd5 38. Ra4 Bxc4 39. Rxc4 Kd6 40. g4 Kd5 41. Ra4 Kc5 42. Ra3 Kb5 43. Rb3+ Ka6 44. Kg2 a4 45. Ra3 Kb5 46. Kf3 Bc5 47. Ra1 a3 48. Ke2 Kc4 49. Kd2 Bb4+ 50. Kc1 f5 51. gxf5 gxf5 52. Rb1 Bc3 0-1

[Event "Budapest FS02 GM"]
[Site "Budapest"]
[Date "2020.02.10"]
[Round "8"]
[White "Low, Zhen Yu Cyrus"]
[Black "Karacsonyi, Gellert"]
[Result "0-1"]
[WhiteElo "2415"]
[BlackElo "2315"]
[PlyCount "92"]
[EventDate "2020.02.01"]
[EventType "tourn"]
[EventRounds "9"]
[EventCountry "HUN"]
[EventCategory "7"]
[SourceTitle "CBM 194 Extra"]
[Source "ChessBase"]
[SourceDate "2020.03.31"]
[SourceVersion "1"]
[SourceVersionDate "2020.03.31"]
[SourceQuality "1"]

1. e4 c5 2. Nc3 Nc6 3. Bb5 Nd4 4. Nf3 g6 5. Bc4 Bg7 6. Nxd4 cxd4 7. Qf3 Nh6 8. Ne2 0-0 9. d3 Ng4 10. Qg3 Ne5 11. Bb3 Nc6 12. h4 Na5 13. h5 Nxb3 14. axb3 e5 15. f4 exf4 16. Bxf4 d5 17. e5 Re8 18. Qh2 g5 19. h6 Bxe5 20. Bxe5 Qe7 21. Nxd4 Qxe5+ 22. Qxe5 Rxe5+ 23. Kd2 Bg4 24. Rhe1 f6 25. Rxe5 fxe5 26. Nb5 Rf8 27. Rxa7 Rf2+ 28. Kc3 d4+ 29. Kb4 Kf7 30. Rxb7+ Kg6 31. Rb6+ Kh5 32. c3 e4 33. Kc4 e3 34. Nxd4 e2 35. Nc2 Rf1 36. Rb7 Rc1 37. Rxh7 Be6+ 38. Kb4 Rxc2 39. Re7 e1Q 40. h7 Qh4+ 41. d4 Kg4 42. c4 Rxb2 43. d5 Bf5 44. d6 Bxh7 45. d7 Rd2 46. Kc3 Qg3+ 0-1

[Event "Budapest FS02 GM"]
[Site "Budapest"]
[Date "2020.02.08"]
[Round "7"]
[White "Divya, Deshmukh"]
[Black "Low, Zhen Yu Cyrus"]
[Result "0-1"]
[WhiteElo "2322"]
[BlackElo "2415"]
[PlyCount "108"]
[EventDate "2020.02.01"]
[EventType "tourn"]
[EventRounds "9"]
[EventCountry "HUN"]
[EventCategory "7"]
[SourceTitle "CBM 194 Extra"]
[Source "ChessBase"]
[SourceDate "2020.03.31"]
[SourceVersion "1"]
[SourceVersionDate "2020.03.31"]
[SourceQuality "1"]

1. e4 g6 2. d4 Bg7 3. Nf3 d6 4. Nc3 a6 5. a4 Nf6 6. h3 0-0 7. Be3 b6 8. Bd3 Bb7 9. 0-0 Nc6 10. d5 Nb4 11. Bc4 c6 12. Bb3 Rc8 13. Ra3 cxd5 14. exd5 Rxc3 15. bxc3 Nbxd5 16. Bxd5 Nxd5 17. c4 Nxe3 18. Rxe3 Qc7 19. Qe2 Bf6 20. Rb1 Bc6 21. Reb3 Bxa4 22. Rxb6 a5 23. Qe4 Qc5 24. g4 h6 25. h4 Bd7 26. Ne1 Bxh4 27. Nd3 Qg5 28. f3 h5 29. Qf4 hxg4 30. fxg4 Bxg4 31. R6b5 Qxf4 32. Nxf4 Rc8 33. Rb8 Kg7 34. Rxc8 Bxc8 35. Ra1 Bg5 36. Nd5 e6 37. Nc7 Bd7 38. Rxa5 Be3+ 39. Kf1 Bb6 40. Ra6 Bxc7 41. Ra7 Bb6 42. Rxd7 Bc5 43. Ke2 g5 44. Kf3 Kg6 45. Re7 e5 46. Ke4 g4 47. Re8 f5+ 48. Kd5 Kf7 49. Rh8 g3 50. Rh7+ Kf6 51. Rh6+ Kg5 52. Rh8 Kf4 53. Rg8 Kf3 54. Rg5 f4 0-1

[Event "Budapest FS02 GM"]
[Site "Budapest"]
[Date "2020.02.01"]
[Round "1"]
[White "Low, Zhen Yu Cyrus"]
[Black "Kosic, Dragan"]
[Result "0-1"]
[WhiteElo "2415"]
[BlackElo "2452"]
[PlyCount "60"]
[EventDate "2020.02.01"]
[EventType "tourn"]
[EventRounds "9"]
[EventCountry "HUN"]
[EventCategory "7"]
[SourceTitle "CBM 194 Extra"]
[Source "ChessBase"]
[SourceDate "2020.03.31"]
[SourceVersion "1"]
[SourceVersionDate "2020.03.31"]
[SourceQuality "1"]

1. e4 e6 2. d4 d5 3. Nc3 Nf6 4. e5 Nfd7 5. f4 c5 6. Nf3 Nc6 7. Be3 Be7 8. Qd2 0-0 9. Be2 b6 10. 0-0 f5 11. exf6 Nxf6 12. Kh1 Bb7 13. Rae1 Ne4 14. Nxe4 dxe4 15. Ne5 Nxd4 16. Bc4 b5 17. Bxd4 bxc4 18. Bc3 Qxd2 19. Bxd2 Bd5 20. Ng4 Bd6 21. Kg1 Rab8 22. Bc1 h5 23. Ne3 c3 24. b3 Be7 25. Nd1 Bf6 26. Nf2 Bd4 27. g3 e5 28. fxe5 Rf3 29. Re2 Rbf8 30. Bf4 g5 0-1

[Event "Gibraltar Masters 18th"]
[Site "Caleta"]
[Date "2020.01.30"]
[Round "10"]
[White "Cramling, Pia"]
[Black "Low, Zhen Yu Cyrus"]
[Result "1-0"]
[WhiteElo "2470"]
[BlackElo "2415"]
[PlyCount "99"]
[EventDate "2020.01.21"]
[EventType "swiss"]
[EventRounds "10"]
[EventCountry "GGB"]
[SourceTitle "CBM 194 Extra"]
[Source "ChessBase"]
[SourceDate "2020.03.31"]
[SourceVersion "1"]
[SourceVersionDate "2020.03.31"]
[SourceQuality "1"]

1. c4 g6 2. e4 e5 3. d4 Nf6 4. Nf3 exd4 5. e5 Bb4+ 6. Bd2 Qe7 7. Bxb4 Qxb4+ 8. Qd2 Qxd2+ 9. Nbxd2 Nh5 10. Nxd4 Nc6 11. Nxc6 dxc6 12. 0-0-0 0-0 13. g3 Re8 14. f4 f6 15. Be2 fxe5 16. Bxh5 gxh5 17. Rde1 Bh3 18. fxe5 Kg7 19. Re3 Re7 20. Rhe1 Rf8 21. Re4 Bg4 22. Rf4 Rfe8 23. Rfe4 Kg6 24. Nb3 Bf5 25. R4e3 Rd8 26. Na5 Bc8 27. Kc2 c5 28. Kc3 Re6 29. Nb3 b6 30. Nc1 Re7 31. Nd3 c6 32. Rf1 Bf5 33. Nf4+ Kh6 34. e6 b5 35. Re5 b4+ 36. Kb3 Bg4 37. a4 Bd1+ 38. Ka2 Bxa4 39. Rxh5+ Kg7 40. Rxc5 Kh6 41. h4 Bc2 42. Rxc6 Be4 43. Rc5 Rg8 44. Rh5+ Kg7 45. Re5 Bc2 46. Nd5 Rb7 47. e7 b3+ 48. Ka3 Re8 49. Rg5+ Bg6 50. h5 1-0